Rongo: la historia oculta de Isla de Pascua
Tallennettuna:
| Päätekijä: | |
|---|---|
| Aineistotyyppi: | Kirja |
| Kieli: | espanja |
| Julkaistu: |
Santiago
Pehuén
2010
|
| Painos: | 1a. ed |
| Aiheet: | |
| Tagit: |
Lisää tagi
Ei tageja, Lisää ensimmäinen tagi!
|
MARC
| LEADER | 00000cam a2200000 a 4500 | ||
|---|---|---|---|
| 001 | UCF1846 | ||
| 003 | CL-VaPUC | ||
| 008 | 120727e20100900CL |||||||||||||||||spa|d | ||
| 020 | |a 9789561605084 | ||
| 082 | 0 | 4 | |a 070.484 |b STA |2 21 |
| 100 | 0 | |a Stambuk Mayorga, Patricia |e author |9 563361 | |
| 245 | 1 | 0 | |a Rongo: la historia oculta de Isla de Pascua |
| 250 | |a 1a. ed | ||
| 300 | |a 327 p | ||
| 942 | |c BK | ||
| 945 | |d 20120727 00:00:00 |a dcastane | ||
| 260 | |a Santiago |b Pehuén |c 2010 | ||
| 650 | 0 | |a Razas |9 326658 | |
| 650 | 0 | |a Entrevistas |9 265537 | |
| 650 | 0 | |a Cultura |9 269059 | |
| 650 | 7 | |a ETNIAS |2 CL-VaPUC |9 375976 | |
| 650 | 7 | |a PUEBLOS |2 CL-VaPUC |9 361304 | |
| 651 | 0 | |a Rapa Nui (Isla de Pascua) |9 496097 | |
| 651 | 0 | |a Isla de Pascua |9 261357 | |
| 583 | |a last modification |c 20120727 13:37:00 |k Rodrigo Vera | ||
| 999 | |c 348534 |d 348532 | ||
| 952 | |0 0 |1 0 |4 0 |6 070_484000000000000_STA_2010 |7 0 |8 A |9 450582 |a BIBING |b BIBING |d 2019-11-22 |i 4873793 |o 070.484 STA 2010 |p 4873793 |r 2025-01-20 |w 2019-11-22 |y BK |k CUI | ||